Die Rolle der Verteidigung in der Jugendstrafrechtspflege
| Main Author: | |
|---|---|
| Format: | Print Book |
| Language: | German |
| Published: |
Basel Frankfurt am Main
Helbing & Lichtenhahn
1996
|
| In: |
Basler Studien zur Rechtswissenschaft / C (9)
Year: 1996 |
| Availability in Tübingen: | Present in Tübingen. IFK: F III 441 |
| Check availability: | HBZ Gateway |
| Subito Delivery Service: | Order now. |
| Keywords: |
MARC
| LEADER | 00000cam a2200000 c 4500 | ||
|---|---|---|---|
| 001 | 273045709 | ||
| 003 | DE-627 | ||
| 005 | 20251222212408.0 | ||
| 007 | tu | ||
| 008 | 961025s1996 sz ||||| m 00| ||ger c | ||
| 015 | |a 96,N35,0394 |2 dnb | ||
| 015 | |a 96,A47,0713 |2 dnb | ||
| 016 | 7 | |a 948265582 |2 DE-101 | |
| 020 | |a 3719015378 |9 3-7190-1537-8 | ||
| 035 | |a (DE-627)273045709 | ||
| 035 | |a (DE-576)055116655 | ||
| 035 | |a (DE-599)GBV273045709 | ||
| 035 | |a (OCoLC)231681277 | ||
| 035 | |a (OCoLC)845244927 | ||
| 035 | |a (OCoLC)38890505 | ||
| 040 | |a DE-627 |b ger |c DE-627 |e rakwb | ||
| 041 | |a ger | ||
| 044 | |c XA-CH |c XA-DE | ||
| 082 | 0 | |a 345.494/08 | |
| 084 | |a 19 |2 sdnb | ||
| 084 | |a PH 6115 |2 rvk |0 (DE-625)rvk/136402:406 | ||
| 084 | |a PH 6114 |2 rvk |0 (DE-625)rvk/136402:405 | ||
| 100 | 1 | |a Herrmann, Sabine |e VerfasserIn |0 (DE-588)1271255820 |0 (DE-627)1820015378 |4 aut | |
| 109 | |a Herrmann, Sabine | ||
| 245 | 1 | 4 | |a Die Rolle der Verteidigung in der Jugendstrafrechtspflege |c Sabine Herrmann |
| 263 | |a brosch. : ca. sfr 74.00 | ||
| 264 | 1 | |a Basel |a Frankfurt am Main |b Helbing & Lichtenhahn |c 1996 | |
| 300 | |a XXXIV, 269 S. | ||
| 336 | |a Text |b txt |2 rdacontent | ||
| 337 | |a ohne Hilfsmittel zu benutzen |b n |2 rdamedia | ||
| 338 | |a Band |b nc |2 rdacarrier | ||
| 490 | 1 | |a Basler Studien zur Rechtswissenschaft |a Reihe C, Strafrecht |v 9 | |
| 502 | |a Zugl.: Basel, Univ., Diss., 1996 | ||
| 583 | 1 | |a Archivierung prüfen |c 20240324 |f DE-4165 |z 1 |2 pdager | |
| 655 | 7 | |a Hochschulschrift |0 (DE-588)4113937-9 |0 (DE-627)105825778 |0 (DE-576)209480580 |2 gnd-content | |
| 689 | 0 | 0 | |d g |0 (DE-588)4053881-3 |0 (DE-627)104584904 |0 (DE-576)20910614X |a Schweiz |2 gnd |
| 689 | 0 | 1 | |d s |0 (DE-588)4125279-2 |0 (DE-627)10574140X |0 (DE-576)209575247 |a Jugendstrafverfahren |2 gnd |
| 689 | 0 | 2 | |d s |0 (DE-588)4057806-9 |0 (DE-627)106149423 |0 (DE-576)209123761 |a Strafverteidigung |2 gnd |
| 689 | 0 | |5 DE-101 | |
| 751 | |a Basel |0 (DE-588)4004617-5 |0 (DE-627)10638497X |0 (DE-576)208856919 |4 uvp | ||
| 830 | 0 | |a Basler Studien zur Rechtswissenschaft / C |v 9 |9 9 |w (DE-627)130298573 |w (DE-576)008459355 |w (DE-600)580254-4 |7 am | |
| 889 | |w (DE-627)214152022 | ||
| 935 | |i mdedup | ||
| 935 | |i Blocktest | ||
| 936 | r | v | |a PH 6115 |b Strafverfahrensrecht, Strafvollzug, Gesetzgebungsmaterialien und -entwürfe zum Strafverfahrensrecht und Strafvollzug |k Rechtswissenschaft |k Strafrecht, Strafverfahrensrecht, Kriminologie |k Vergleichendes und ausländisches Straf- und Strafprozessrecht einschliesslich Strafvollzug |k Ausländisches Recht - Einzelne Länder |k Mitteleuropa |k Schweiz |k Strafverfahrensrecht, Strafvollzug, Gesetzgebungsmaterialien und -entwürfe zum Strafverfahrensrecht und Strafvollzug |0 (DE-627)1271952750 |0 (DE-625)rvk/136402:406 |0 (DE-576)201952750 |
| 936 | r | v | |a PH 6114 |b Einzeldarstellungen zum materiellen Strafrecht |k Rechtswissenschaft |k Strafrecht, Strafverfahrensrecht, Kriminologie |k Vergleichendes und ausländisches Straf- und Strafprozessrecht einschliesslich Strafvollzug |k Ausländisches Recht - Einzelne Länder |k Mitteleuropa |k Schweiz |k Einzeldarstellungen zum materiellen Strafrecht |0 (DE-627)1271952769 |0 (DE-625)rvk/136402:405 |0 (DE-576)201952769 |
| 951 | |a BO | ||
| ELC | |b 1 | ||
| LOK | |0 000 xxxxxcx a22 zn 4500 | ||
| LOK | |0 001 3150838967 | ||
| LOK | |0 003 DE-627 | ||
| LOK | |0 004 273045709 | ||
| LOK | |0 005 20020607000000 | ||
| LOK | |0 008 970811||||||||||||||||ger||||||| | ||
| LOK | |0 040 |a DE-21-110 |c DE-627 |d DE-21-110 | ||
| LOK | |0 852 |a DE-21-110 | ||
| LOK | |0 852 1 |c F III 441 |m p |9 00 | ||
| LOK | |0 935 |a k110 | ||
| LOK | |0 936ln |a 5.5.1 | ||
| LOK | |0 938 |k p | ||
| LOK | |0 939 |a 11-08-97 |b l01 | ||
| ORI | |a SA-MARC-krimdoka001.raw | ||
| SIG | |a IFK: F III 441 | ||
